000 00331nam a2200133Ia 4500
008 231011s9999 xx 000 0 und d
041 _aeng
082 _a658.5
100 _aBhattacharyya D.K.
245 _aIndustrial Management [Bhattacharyya]
260 _bVikas Pub House New Delhi -
_c2012
300 _a528
365 _b312
999 _c901720
_d901720